<?xml version="1.0" encoding="UTF-8"?>
<marc:record xmlns:marc="http://www.loc.gov/MARC21/slim">
   <marc:leader>00000nam a2200000 a 4500</marc:leader>
   <marc:datafield ind1="1" ind2=" " tag="100">
      <marc:subfield code="a">Allancé, Mireille d'</marc:subfield>
      <marc:subfield code="4">aut</marc:subfield>
      <marc:subfield code="e">Verfasser/-in</marc:subfield>
   </marc:datafield>
   <marc:datafield ind1="1" ind2=" " tag="100">
      <marc:subfield code="a">Allancé, Mireille d'</marc:subfield>
   </marc:datafield>
   <marc:datafield ind1=" " ind2=" " tag="653">
      <marc:subfield code="a">Junge</marc:subfield>
   </marc:datafield>
   <marc:datafield ind1=" " ind2=" " tag="653">
      <marc:subfield code="a">Gebäck</marc:subfield>
   </marc:datafield>
   <marc:datafield ind1=" " ind2=" " tag="653">
      <marc:subfield code="a">Softcover</marc:subfield>
   </marc:datafield>
   <marc:datafield ind1=" " ind2=" " tag="653">
      <marc:subfield code="a">Karte</marc:subfield>
   </marc:datafield>
   <marc:datafield ind1=" " ind2=" " tag="653">
      <marc:subfield code="a">Jugendbuch / Bilderbücher</marc:subfield>
   </marc:datafield>
   <marc:datafield ind1=" " ind2=" " tag="653">
      <marc:subfield code="a">Bilderbuch</marc:subfield>
   </marc:datafield>
   <marc:datafield ind1="0" ind2="0" tag="245">
      <marc:subfield code="a">Ich habś genau gesehen!</marc:subfield>
   </marc:datafield>
   <marc:datafield ind1="0" ind2="0" tag="245">
      <marc:subfield code="c">Mireille d'Allancé. [Aus dem Franz. von Markus Weber</marc:subfield>
   </marc:datafield>
   <marc:datafield ind1=" " ind2="1" tag="264">
      <marc:subfield code="a">Frankfurt am Main</marc:subfield>
      <marc:subfield code="b">Moritz-Verl.</marc:subfield>
      <marc:subfield code="c">2005</marc:subfield>
   </marc:datafield>
   <marc:datafield ind1="1" ind2=" " tag="520">
      <marc:subfield code="a">Robbi und die Geschichte mit den Schokobällchen. Die Schokobällchen für Oma sind fertig. Robbi soll sie ihr bringen. Er soll dabei die Platte gerade halten, damit nichts verrutscht. Beim Laufen ist das schwierig. Und schon ist was runtergepurzelt. Nur ein kleines Bällchen. Da gibt's nur eins, denkt Robbi: In den Mund damit! Ein Bällchen mehr oder weniger, das merkt doch keiner.&gt; Ich hab's genau gesehen!&lt;, ruft da schon das Eichhörnchen und fügt hinzu: &gt;Die sehen aber gut aus. Gib mir nur ein einziges Bällchen - dann sag ich deiner Mama nichts.&lt; Zwei Bällchen mehr oder weniger, das fällt keinem auf. Doch Robbi hat nicht damit gerechnet, dass er auf dem Weg zur Oma auch noch der Amsel, der Maus und sogar dem Fuchs begegnen würde ...</marc:subfield>
   </marc:datafield>
   <marc:datafield ind1=" " ind2=" " tag="020">
      <marc:subfield code="a">9783895651625</marc:subfield>
      <marc:subfield code="9">9783895651625</marc:subfield>
   </marc:datafield>
   <marc:datafield ind1=" " ind2=" " tag="020">
      <marc:subfield code="a">3895651621</marc:subfield>
      <marc:subfield code="9">3895651621</marc:subfield>
   </marc:datafield>
   <marc:datafield ind1=" " ind2=" " tag="041">
      <marc:subfield code="a">ger</marc:subfield>
   </marc:datafield>
   <marc:datafield ind1=" " ind2=" " tag="300">
      <marc:subfield code="a">29] S.</marc:subfield>
   </marc:datafield>
</marc:record>
